00529nam a2200157 4500001000700000003000900007005001700016007000300033008004100036100002200077245016300099260004800262300002500310700001400335852002200349116201ES-MaACL20230906190646.0t|061121s1908 fr r ||||1| fre d1 aParisot, Jacques.10aPression artérielle et glandes a secretion interne b: essai de Pathologie expérimentale / cpar Jacques Parisot : préface de M. le professeur H. Roger. aParis : bJ. b. Baillière et Fih, c1908. aX, 562 p. ; c25 cm.1 aRoger, H. aES-MaACLjB-12104